Emozioni : istruzioni per l'uso /

Đã lưu trong:
Chi tiết về thư mục
Tác giả chính: Nardone, Giorgio, (1958- )
Định dạng: Sách
Ngôn ngữ:Tiếng Italy
Được phát hành: Milano : Ponte alle Grazie, ©2019
Loạt:Saggi di terapia breve
Những chủ đề:
Các nhãn: Thêm thẻ
Không có thẻ, Là người đầu tiên thẻ bản ghi này!

MARC

LEADER 00000nam a22000007i 4500
001 IT\ICCU\MOD\1700927
003 ItRI
005 20260115232058.0
008 191114s2019 it |||||| ||||| |||||c
020 |a 9788833312774 
040 |b ita  |c importazione bologna sebina 
041 7 |a ita  |2 ISO-639-2 
082 |a 152.4  |9 EMOZIONI E SENTIMENTI  |2 21 
100 1 |a Nardone, Giorgio,  |d  (1958- )  |0 IT\ICCU\CFIV\217090 
240 1 0 |a Emozioni  |3 IT\ICCU\VIA\0377073  |9 Nardone, Giorgio <1958- > 
245 1 0 |a Emozioni :  |b istruzioni per l'uso /  |c Giorgio Nardone. 
260 |a Milano :  |b Ponte alle Grazie,  |c ©2019 
300 |a 117 p. ;  |c 21 cm 
650 7 |a Emozioni 
790 1 |a Nardone, Giorgio  |c  (psicologo)  |3 IT\ICCU\SBNV\099444  |z Nardone, Giorgio (1958- ) 
830 0 |a Saggi di terapia breve  |0 IT\ICCU\RAV\0658830 
942 |2 ddc  |c BK  |n 0 
952 |0 0  |1 0  |4 0  |6 DOC_152_400000000000000_NAR  |7 0  |9 19652  |a BO  |b BO  |d 2026-01-15  |i 20094  |l 0  |o DOC 152.4 NAR  |p BO20094  |r 2026-01-15 23:20:58  |w 2026-01-15  |x [Sebina 5] [1 v.]  |y BK  |z 1 v. 
999 |c 16752  |d 16752